| 000 | 00632nam a2200217Ia 4500 | ||
|---|---|---|---|
| 005 | 20241129111123.0 | ||
| 008 | 241129s9999||||xx |||||||||||||| ||und|| | ||
| 020 | _a9789391985059 | ||
| 037 | _aTB | ||
| 040 |
_aCRL _beng _cCRL |
||
| 041 |
_aeng _2eng |
||
| 084 |
_aND44:(Q224) P6 _qCRL |
||
| 100 |
_aGaur Anand Prakash Au. _9723394 |
||
| 245 | 0 |
_aRama in ancient indian sculpture _cGaur Anand Prakash Au. |
|
| 260 |
_aDelhi, India _bB. R. Publishing Corporation _c2006 |
||
| 300 | _axxiii,87p. | ||
| 365 |
_aINR _b995 |
||
| 650 | _aFine ArtsSculpture | ||
| 942 |
_cTB _hND44:(Q224) P6 |
||
| 999 |
_c1229020 _d1229020 |
||